000
00260nam a2200109Ia 4500
008
201231s9999 xx 000 0 und d
100
_a
UNESCO
245
0
_a
Selective inventory of Information Services
260
_a
Paris
_b
UNESCO
300
_a
140
942
_c
BK
999
_c
10078
_d
10078